Central Library OPAC University of Rajshahi

Agricultural development and economic growth / (Record no. 3135)

MARC details
000 -LEADER
fixed length control field 00768cam a22002411 4500
001 - CONTROL NUMBER
control field 3135
003 - CONTROL NUMBER IDENTIFIER
rucl marc code BD-RjUL
005 - DATE AND TIME OF LATEST TRANSACTION
control field 20211208233700.0
008 - FIXED-LENGTH DATA ELEMENTS--GENERAL INFORMATION
fixed length control field 131218s1967 nyu 001 0 eng
035 ## - SYSTEM CONTROL NUMBER
System control number (BD-RjUL)
040 ## - CATALOGING SOURCE
Original cataloging agency DLC
Transcribing agency DLC
Modifying agency DLC
-- BD-RjUL
Language of cataloging eng
041 ## - LANGUAGE CODE
Language code of text/sound track or separate title eng
082 ## - DEWEY DECIMAL CLASSIFICATION NUMBER
Edition number 338.1
Author mark and year SOA
100 1# - MAIN ENTRY--PERSONAL NAME
Personal name Southworth, Herman McDowell,
Dates associated with a name 1909- [from old catalog]
9 (RLIN) 9931
245 00 - TITLE STATEMENT
Title Agricultural development and economic growth /
Statement of responsibility, etc. Edited by Herman M. Southworth and Bruce F. Johnston.
260 ## - PUBLICATION, DISTRIBUTION, ETC. (IMPRINT)
Place of publication, distribution, etc. Ithaca, N.Y.,
Name of publisher, distributor, etc. Cornell University Press
Date of publication, distribution, etc. c1967[printing1970]
300 ## - PHYSICAL DESCRIPTION
Pagination xv, 608 p.;
Size 24 cm.
500 ## - GENERAL NOTE
General note "First published 1967."
504 ## - BIBLIOGRAPHY, ETC. NOTE
Bibliography, etc Includes index
650 ## - SUBJECT ADDED ENTRY--TOPICAL TERM
Topical term or geographic name as entry element Agricultural economics
9 (RLIN) 134483
942 ## - ADDED ENTRY ELEMENTS (KOHA)
Source of classification or shelving scheme Dewey Decimal Classification
Koha item type Books
Holdings
Lost status Source of classification or shelving scheme Damaged status Not for loan Collection code Permanent Location Current Location Shelving location Date acquired Source of acquisition Total Checkouts Full call number Date last seen Copy number Koha item type Cost, normal purchase price
  Dewey Decimal Classification     Non-fiction Central Library, University of Rajshahi Central Library, University of Rajshahi   16/01/1974 u.s.a. gift   338.1 SOA 1970 18/12/2013 C-6 Books  
  Dewey Decimal Classification     Non-fiction Central Library, University of Rajshahi Central Library, University of Rajshahi   16/01/1974 u.s.a. gift   338.1 SOA 1970 18/12/2013 C-5 Books  
  Dewey Decimal Classification     Non-fiction Central Library, University of Rajshahi Central Library, University of Rajshahi   16/01/1974 u.s.a. gift   338.1 SOA 1970 27/06/2016 C-2 Books  
  Dewey Decimal Classification     Non-fiction Central Library, University of Rajshahi Central Library, University of Rajshahi   19/02/1971 Zeitlinger   338.1 SOA 1968 20/12/2016 C-3 Books 114.00